| 000 | 00719nam1a22002051i 4500 | ||
|---|---|---|---|
| 001 | rc\388336 | ||
| 005 | 20240726025157.0 | ||
| 035 | _a(NLR Aleph) 005804659 | ||
| 090 |
_a5332675 _c5332675 |
||
| 100 | _a20030616d1989 u |0rusy50 ca | ||
| 101 | 0 | _arus | |
| 102 | _aRU | ||
| 105 | _ay ||||||||| | ||
| 200 | 1 |
_aКнига Советской Эстонии... _eСвод. указ. _fГос. ком. Совета Министров ЭССР по делам изд-в, полиграфии и кн. торговли, Гос. кн. палата ЭССР |
|
| 210 |
_aТаллин _cЭэсти раамат _d1989 |
||
| 215 | _d22 | ||
| 801 | 0 |
_aRU _bNLR _gpsbo |
|
| 801 | 1 |
_aRU _bELAR _2rusmarc |
|
| 852 |
_aNLR _jОНЛ |
||
| 942 | _cBOOK | ||